000 00987nam a2200265Ia 4500
003 OSt
005 20221005110312.0
006 a|||||r|||| 00| 0
007 ta
008 221004b |||||||| |||| 00| 0 mar d
020 _a9789383513451 (hbk)
_c295
024 _a26335
037 _b20, 17/03/2016, P. K. Books
_cTextual
040 _aCRL
_cCRL
_bmar
041 _2mar
_amar
082 _aO155,1M31x, 152Q5
100 _aअनीता भारती, संपा.
245 0 _aसावित्रीबाई फुले की कविताएॅं
246 _aSāvitrībāī fule kī kavitāeॅan
260 _aनई दिल्ली
_bस्वराज प्रकाशन भारत
_c2015
300 _a100पृ0
_ccm.
650 _aमराठी साहित्य
942 _hO155,1M31x, 152Q5
_cTEXL
_2cc
999 _c1018397
_d1018397